| 000 | 00349nam a2200133Ia 4500 | ||
|---|---|---|---|
| 008 | 230917s9999||||xx |||||||||||||| ||und|| | ||
| 040 |
_e41622 _aMAIN |
||
| 041 | _aEnglish | ||
| 082 | _a810.9 T918T | ||
| 245 | 0 | _aTwentieth century American literature: A Soviet view | |
| 260 |
_aMoscow _bProgress Publishers _c1976 |
||
| 300 | _a527 p. | ||
| 942 | _cBK | ||
| 999 |
_c71549 _d71549 |
||